| 000 | 00383cam a2200157ua 4500 | ||
|---|---|---|---|
| 041 |
_aeng _h |
||
| 082 |
_a535 _bNOA/TE |
||
| 100 | _aNaokes, G R . | ||
| 245 |
_aText book of light / _cG R Noakes. _hTextual Documents |
||
| 260 |
_aLondon : _bMacMillan and Company Limited , _c1962. |
||
| 300 | _a355 ; . | ||
| 504 | _a | ||
| 650 | _aLight | ||
| 942 | _cBK | ||
| 999 |
_c11306 _d11306 |
||